00879 2200277 4500001002100000005001500021035002000036007000300056008004100059020001800100082001600118084002200134100003100156245011400187250001200301300004200313650002700355650002400382700003400406700003300440264004100473336002100514337003000535338002300565990001300588INLIS00000000111939120221006101732 a0010-1022000039ta221006 0 eng a9780470425114 a664.001 579 a664.001 579 AHM a0 aAhmed E. YousefePengarang1 aAnalytical Food MicroBiology :ba Laboratory Manual /cAhmed E. Yousef, Joy G. Waite-Cusic, Jennifer J. Perry aEdisi 2 aix, 386 halaman :bilustrasi ;c26 cm 4aMakanan - Mikrobiologi 4aFood - Microbiology0 aJoy G. Waite-CusicePengarang0 aJennifer J. PerryePengarang aCanada :bJohn Wiley and Sons,c2022 2rdacontentaTeks 2rdamediaaTanpa Perantara 2rdacarrieraVolume a22/00311